<?xml version="1.0" encoding="UTF-8"?>
<record
    xmlns:xsi="http://www.w3.org/2001/XMLSchema-instance"
    xsi:schemaLocation="http://www.loc.gov/MARC21/slim http://www.loc.gov/standards/marcxml/schema/MARC21slim.xsd"
    xmlns="http://www.loc.gov/MARC21/slim">

  <leader>00932nam2a2200229   4500</leader>
  <controlfield tag="001">rc\2862700</controlfield>
  <controlfield tag="005">20260315050813.0</controlfield>
  <datafield tag="035" ind1=" " ind2=" ">
    <subfield code="a">(NLR Aleph) 007016746</subfield>
  </datafield>
  <datafield tag="090" ind1=" " ind2=" ">
    <subfield code="a">13578873</subfield>
    <subfield code="c">13578873</subfield>
  </datafield>
  <datafield tag="100" ind1=" " ind2=" ">
    <subfield code="a">20110711d1932    u  y0rusy50      ca</subfield>
  </datafield>
  <datafield tag="101" ind1="0" ind2=" ">
    <subfield code="a">rus</subfield>
  </datafield>
  <datafield tag="102" ind1=" " ind2=" ">
    <subfield code="a">RU</subfield>
  </datafield>
  <datafield tag="105" ind1=" " ind2=" ">
    <subfield code="a">aa  z   |||||</subfield>
  </datafield>
  <datafield tag="200" ind1="0" ind2=" ">
    <subfield code="a">&#x427;. 2</subfield>
  </datafield>
  <datafield tag="210" ind1=" " ind2=" ">
    <subfield code="d">1932</subfield>
  </datafield>
  <datafield tag="215" ind1=" " ind2=" ">
    <subfield code="a">&#x41F;&#x435;&#x440;., (284-508) &#x441;.</subfield>
    <subfield code="c">&#x438;&#x43B;.</subfield>
  </datafield>
  <datafield tag="461" ind1=" " ind2="0">
    <subfield code="1">001rc\2862699</subfield>
    <subfield code="1">2001#$a&#x410;&#x432;&#x442;&#x43E;&#x43C;&#x43E;&#x431;&#x438;&#x43B;&#x44C;&#x43D;&#x44B;&#x439; &#x434;&#x432;&#x438;&#x433;&#x430;&#x442;&#x435;&#x43B;&#x44C;$f&#x420;. &#x425;&#x435;&#x43B;&#x44C;&#x434;&#x442;$g&#x41F;&#x435;&#x440;. &#x43F;&#x43E;&#x434; &#x440;&#x435;&#x434;. &#x438;&#x43D;&#x436;. &#x418;.&#x410;. &#x424;&#x440;&#x44F;&#x437;&#x438;&#x43D;&#x43E;&#x432;&#x441;&#x43A;&#x438;&#x439; &#x438; &#x438;&#x43D;&#x436;. &#x411;.&#x42D;. &#x428;&#x43F;&#x440;&#x438;&#x43D;&#x43A;$v&#x427;. 2</subfield>
    <subfield code="1">700#1$a&#x425;&#x435;&#x43B;&#x44C;&#x434;&#x442;$b&#x41F;.&#x41C;.$g&#x420;. &#x41F;&#x435;&#x442;&#x435;&#x440; &#x41C;&#x430;&#x440;&#x442;&#x438;&#x43D;$f1875-</subfield>
    <subfield code="9">5869406</subfield>
    <subfield code="a">&#x425;&#x435;&#x43B;&#x44C;&#x434;&#x442;, &#x41F;.&#x41C;. (1875-)</subfield>
    <subfield code="c">&#x41C;&#x43E;&#x441;&#x43A;&#x432;&#x430;</subfield>
    <subfield code="d">1932</subfield>
    <subfield code="f">&#x420;. &#x425;&#x435;&#x43B;&#x44C;&#x434;&#x442;</subfield>
    <subfield code="n">&#x413;&#x43E;&#x441;&#x442;&#x440;&#x430;&#x43D;&#x441;&#x438;&#x437;&#x434;&#x430;&#x442;</subfield>
    <subfield code="t">&#x410;&#x432;&#x442;&#x43E;&#x43C;&#x43E;&#x431;&#x438;&#x43B;&#x44C;&#x43D;&#x44B;&#x439; &#x434;&#x432;&#x438;&#x433;&#x430;&#x442;&#x435;&#x43B;&#x44C;</subfield>
    <subfield code="v">&#x427;. 2</subfield>
  </datafield>
  <datafield tag="801" ind1=" " ind2="0">
    <subfield code="a">RU</subfield>
    <subfield code="b">NLR</subfield>
    <subfield code="g">psbo</subfield>
  </datafield>
  <datafield tag="801" ind1=" " ind2="1">
    <subfield code="a">RU</subfield>
    <subfield code="b">ELAR</subfield>
    <subfield code="2">rusmarc</subfield>
  </datafield>
  <datafield tag="852" ind1=" " ind2=" ">
    <subfield code="a">NLR</subfield>
    <subfield code="j">32-18/15(2)</subfield>
  </datafield>
  <datafield tag="942" ind1=" " ind2=" ">
    <subfield code="c">UNSPEC</subfield>
  </datafield>
  <datafield tag="980" ind1=" " ind2=" ">
    <subfield code="a">NB</subfield>
  </datafield>
</record>
